000
00350nam a2200157Ia 4500
100
_a
Cunningham/D.R./ Stuller/ J.A.
490
_v
27
942
_c
BK
654
_a
circuit Analysis
245
_a
Basic circuit Analysis
260
_b
Jaico Pub
_a
New Delhi
_c
1993
082
_a
621.38132
_b
PAN
300
_a
881
546
_a
ENGLISH
999
_c
33168
_d
33168